000
00217nam a22000977a 4500
999
_c
16258
_d
16258
003
OSt
008
200626b ||||| |||| 00| 0 eng d
100
_a
G.D. Tuli
_9
4654
245
_a
The Language of Chemistry
942
_c
BK